000 00975nam a2200277 a 4500
001 34236
003 BD-RjUL
005 20211209052127.0
008 830419s1943 pk c 000 0aeng
035 _a(BD-RjUL)34330
040 _aDLC
_cCarP
_dDLC
_dBD-RjUL
_beng
041 _aeng
082 _223
_a954.91
_bJIS 1943
100 1 _aJinnah, Mahomed Ali,
_d1876-1948.
_9227805
245 1 0 _aSome recent speeches and writings of Mr. Jinnah,
_ccollected and edited by Jamil-ud-Din Ahmad.
250 _a3rd ed.
260 _aLahore,
_bSh. M. Ashraf,
_c1943.
300 _axxxiii, 506 p.
_bports.
_c19 cm.
350 _a] 1. India--Politics and government--1919-
600 _aJinnah, Mahomed Ali,
_cQuid-i-Azam,
_d1876-1948.
_xBiography
_9227812
610 2 0 _aAll-India Muslim League.
_9227813
651 _aIndia
_xPolitics and government
_y1919-1947
_9227810
700 1 _aAhmad, Jamil-ud-Din, Collec. and ed.
_9227814
942 _2ddc
_cRAR
999 _c34236
_d34236